00310nam a2200085Ia 4500008004100000245005900041245002600100260000900126856008900135160523s9999 xx 000 0 und d aSupply Chain Management - Applications and Simulations cEdited by Mamun Habib c2011 uhttp://www.intechopen.com/books/supply-chain-management-applications-and-simulations